000 00368nam a2200145Ia 4500
008 210716s2000 xx 000 0 und d
020 _a019829705X
041 _aeng
082 _a158.7 COOL
100 _aCooper, Cary L.
245 _aTheories of organizational stress.
250 _a1
260 _aNew Delhi
_bOxford University Press
_c2000
300 _axviii,275
999 _c199275
_d199275